| 000 | 00933nam a2200205Ia 4500 | ||
|---|---|---|---|
| 003 | Ost | ||
| 005 | 20260507075737.0 | ||
| 008 | 260507s9999||||xx |||||||||||||| ||und|| | ||
| 040 | _cfsecg | ||
| 041 | _aara | ||
| 082 | _a330 | ||
| 100 |
_aزيتون، أحمد ضياء الدين _eمؤلف |
||
| 245 | 0 |
_aمبادئ في علم الإحصاء / _c أحمد ضياء الدين زيتون |
|
| 260 |
_aالاسكندرية: _bدار المعرفة الجامعية, _c2004 |
||
| 300 |
_a311 صفحة؛ _bإيضاحات ؛ _c23 سم |
||
| 504 | _aج2 | ||
| 520 | _aمبادئ الاحتمالات والتوزيعات الاحتمالية،اختبارات القروض الاحصائية،تحليل التباين،الإرتباط و الإنحدار البسيط،تحليل الإنحدار المتعدد،الأرقام القياسية،السلاسل الزمنية | ||
| 653 | _aالاقتصاد | ||
| 942 | _cكتاب | ||
| 999 |
_c46100 _d46100 |
||